000 00549nam a2200193Ia 4500
005 20250326140806.0
008 250326s9999 xx 000 0 und d
020 _a81-219-0854-x
037 _aTextbook
040 _aFMSL
_beng
_cFMSL
041 _aeng
_2eng
084 _aX:89Q8ob9 N5
_qFMSL
100 _aDixon N M
_9741967
245 0 _aEvaluation: tool for improving H.R.D quality
_cDixon N M
260 _aNew Delhi
_bNew Delhi, S.Chand
_c1995
300 _a268p
942 _cTB
_hX:89Q8ob9 N5
999 _c1287307
_d1287307